000 00586nam a2200157Ia 4500
008 220216s9999 xx 000 0 und d
100 _aMeti S
245 0 _aAnalysis of natural rubber ecosystem productivity in traditional rubber growing region of India using MODIS satellite based NPP data
260 _bPLACROSYM XXI. International Symposium on Plantation Crops, 10-12 December 2014, Kozhikode, India, pp. 97-98. Abstracts.
650 _aMODIS
650 _aNPP data
650 _aNR ecosystem
650 _aTraditional rubber growing region
700 _aJacob J
942 _cBS
999 _c49507
_d49507